000 00495cam a2200193ua 4500
001 2929
005 20260515113615.0
008 120112n ii |||gr||||Z||||||asm
040 _cMAIN
082 _a294.592
100 _aBarman, Sivanath,
_eAuthor.
245 1 1 _aSrimanta Sankardev Kriti aru kritva
_cby Sivanath Barman
250 _a1st.
260 _aGuahati:
_bTrimurti,986.
300 _a30p:
_c23cm.
653 _aAssamese
653 _aSrimanta Sankardev Kriti aru kritva
942 _cBK
999 _c2775
_d2775